|
|
|
|
| LEADER |
00000nam a22000007a 4500 |
| 005 |
20170524002718.0 |
| 007 |
cr|||| |||| |
| 008 |
170524s2017 mx |||||s|||| 00||0 spa d |
| 020 |
|
|
|a 978-607-406-902-0
|
| 035 |
|
|
|a 20263
|
| 040 |
|
|
|a vLex
|
| 090 |
|
|
|c 6696
|d 6696
|
| 100 |
1 |
|
|a Luna Guerra, Antonio
|
| 245 |
1 |
0 |
|a Estudio practico del rǧimen fiscal de dividendos pagados por personas morales 2017
|h [Recurso electrn̤ico] /
|c Antonio Luna Guerra
|
| 256 |
|
|
|a Servicio en ln̕ea
|
| 260 |
|
|
|a Mx̌ico DF:
|b Ediciones Fiscales ISEF,
|c 2017
|
| 300 |
|
|
|a 1 recurso electrn̤ico
|
| 500 |
|
|
|a Esta obra ESTUDIO PRℓCTICO DEL RÉGIMEN FISCAL DE DIVDENDOS PAGADOS POR PERSONAS MORALES nos presenta los aspectos fiscales y otros requisitos de los dividendos entre sus accionistas y socios, as ̕como en su participacin̤ en el capital de la sociedad.
|
| 506 |
1 |
|
|a Disponible solo en los productos indicados
|d vLex Global
|d vLex Global (Academic Edition, excluding Law Schools)
|d vLex Global (U.S. Academic Edition, Law Schools)
|d vLex Global (U.S. Academic Edition, excluding Law Schools)
|d vLex Global (Academic Edition, Law Schools)
|
| 650 |
0 |
4 |
|a Derecho Fiscal
|z Mx̌ico
|
| 740 |
0 |
|
|a vLex Libros (Servicio en ln̕ea)
|
| 856 |
4 |
0 |
|u http://vlex.com/source/estudio-practico-del-regimen-fiscal-de-dividendos-pagados-por-personas-morales-2017-20263
|z Acceso restringido
|
| 942 |
|
|
|c BOOK
|
| 999 |
0 |
|
|a Tax Law
|